000 00451pab a2200169 454500
008 180718b2004 xxu||||| |||| 00| 0 eng d
100 _aHoshi, Takeo
245 _aJapan's financial crisis and economic stagnation
260 _c2004
300 _ap.3-26.
362 _aWinter
650 _aEconomic recession - Japan
650 _aEconomic recession
700 _aKashyap, Anil K.
773 _aJournal of Economic Perspectives
909 _a60544
999 _c60544
_d60544